000 00348nam a2200133Ia 4500
008 240116s9999 xx 000 0 und d
082 _a342.5491
_bBAS-L
100 _aBasit, Muhammad Abdul
245 0 _aLaw of Societies Trusts and Social welfare
260 _aPakistan
_bFederal law house
_c2017
300 _a388
650 _aLaw
999 _c34983
_d34983